Bohuslav Brauner /

Hlavní autor: Štěrba-Böhm, Jan Stanislav, 1874-1937
Korporativní autor: Česká akademie věd a umění
Jazyk: Čeština
Vydáno: V Praze : nákladem České akademie věd a umění, 1935
Témata:
Fyzický popis: 52 stran ; 21 cm
Knihy
Uloženo v:
LEADER 01296nam a22003732i 4500
001 001322334
003 CZ BrMZK
005 20260407115448.0
007 ta
008 130902s1935 xr fr 000 0dcze
015 |a cnb000709188 
020 |q (Brožováno) 
035 |a (OCoLC)20921072 
040 |a ABA001  |b cze  |c ABA001  |d ABA001  |d BOA001  |e rda 
072 7 |a 54  |x Chemie. Mineralogické vědy  |2 Konspekt  |9 10 
080 |a 54-051  |2 MRF 
080 |a (049.1)  |2 MRF 
100 1 |a Štěrba-Böhm, Jan Stanislav,  |d 1874-1937  |7 jk01131369  |4 aut 
245 1 0 |a Bohuslav Brauner /  |c napsal Jan St. Štěrba-Böhm 
264 1 |a V Praze :  |b nákladem České akademie věd a umění,  |c 1935 
300 |a 52 stran ;  |c 21 cm 
336 |a text  |b txt  |2 rdacontent 
337 |a bez média  |b n  |2 rdamedia 
338 |a svazek  |b nc  |2 rdacarrier 
500 |a Na frontispisu portrét Bohuslava Braunera 
504 |a Obsahuje bibliografii 
600 1 7 |a Brauner, Bohuslav,  |d 1855-1935  |7 jk01013019 
650 0 7 |a chemici  |7 ph119134  |2 czenas 
655 7 |a nekrology  |7 fd185956  |2 czenas 
710 2 |a Česká akademie věd a umění  |7 kn20010710168  |4 pbl 
910 |a BOA001  |b 2-0136.722 
990 |a BK 
991 |b 201308 
996 7 |b 2619511931  |c 2-0136.722  |l MZK  |r Sklad / do 24 hodin  |n 1  |w 001357379  |u 000010  |a 1  |e BOA001  |j MZK50  |s A